000 00627ntaaa2200229 4500
003 01
005 20251027201920.0
008 0714s1973 ag 01
020 _a0311385311
040 _aAR-BaBN
_bspa
_cAR-BaBN
_eaacr
_dRIC
082 _a244.1200 Am5a
100 _aMandeville, Sylvia
245 _aAmigos de Dios
250 _a1 ed.
260 _aEl Paso :
_bMundo Hispano,
_c1978
300 _a24 p ;
_cils. ; 24 cm.
500 _aContiene: tareas para realizar. ilustraciones de Richard Deverell
650 _aNiños-Historias Bíblicas
650 _aNiños-Actividades
700 _aPierson, Lance
942 _cBK
999 _c13853
_d13853